000
00246pam a2200109 a 4500
020
_c
040
_a
BHVP_411030
041
_a
eng
100
_a
Gupta, S r
245
_a
National Defence Acadamy And Naval Acadamy Examination
_h
Paper
930
_a
5633
999
_c
82549
_d
82549